Legislación laboral

Salvato in:
Dettagli Bibliografici
Ente Autore: Legis Chile S. A (Autore)
Natura: Libro
Lingua:spagnolo
Pubblicazione: Santiago Legis 1995
Soggetti:
Tags: Aggiungi Tag
Nessun Tag, puoi essere il primo ad aggiungerne!!

MARC

LEADER 00000nam a2200000 a 4500
001 UCI8181
003 CL-VaPUC
008 080813e19950000CL |||||||||||||||||spa|d
082 0 4 |a 343.8301  |b LEG  |2 21 
110 2 |a Legis Chile S. A  |e author  |9 531669 
245 1 0 |a Legislación laboral 
300 |a pág. irreg 
942 |c BK 
945 |d 20080813 00:00:00  |a rbrito 
260 |a Santiago  |b Legis  |c 1995 
650 7 |a DERECHO LABORAL  |2 CL-VaPUC  |9 15 
650 0 |a Código del trabajo  |9 255479 
650 7 |a CONTRATO DE TRABAJO  |2 CL-VaPUC  |9 531670 
650 0 |a Sindicatos  |9 255034 
650 0 |a Negociación colectiva  |9 312433 
650 0 |a Seguridad social  |9 255322 
583 |a last modification  |c 20170801 05:30:11  |k Rodrigo Vera 
999 |c 331202  |d 331200